Computer networks-a systems approach (Record no. 85385)
[ view plain ]
| 000 -LEADER | |
|---|---|
| fixed length control field | 00556nam a2200217Ia 4500 |
| 008 - FIXED-LENGTH DATA ELEMENTS--GENERAL INFORMATION | |
| fixed length control field | 230125s9999 xx 000 0 und d |
| 020 ## - INTERNATIONAL STANDARD BOOK NUMBER | |
| International Standard Book Number | 981-4066-435 |
| 041 ## - LANGUAGE CODE | |
| Language code of text/sound track or separate title | eng |
| 082 ## - DEWEY DECIMAL CLASSIFICATION NUMBER | |
| Classification number | 004.65 |
| Item number | PET DAV |
| 100 ## - MAIN ENTRY--PERSONAL NAME | |
| Personal name | Peterson L L |
| 9 (RLIN) | 108584 |
| 245 ## - TITLE STATEMENT | |
| Title | Computer networks-a systems approach |
| 250 ## - EDITION STATEMENT | |
| Edition statement | 2nd ed |
| 260 ## - PUBLICATION, DISTRIBUTION, ETC. (IMPRINT) | |
| Date of publication, distribution, etc. | 2000 |
| Name of publisher, distributor, etc. | Harcourt Asia |
| Place of publication, distribution, etc. | New Delhi |
| 300 ## - PHYSICAL DESCRIPTION | |
| Extent | 750p |
| 500 ## - GENERAL NOTE | |
| Keywords | Networking |
| 500 ## - GENERAL NOTE | |
| Keywords | Networking |
| 650 ## - SUBJECT ADDED ENTRY--TOPICAL TERM | |
| Topical term or geographic name as entry element | Computer Management |
| 700 ## - ADDED ENTRY--PERSONAL NAME | |
| Personal name | Peterson L L & Davie B S |
| 9 (RLIN) | 108585 |
| 906 ## - LOCAL DATA ELEMENT F, LDF (RLIN) | |
| b | 54 |
| Withdrawn status | Lost status | Damaged status | Not for loan | Home library | Current library | Date acquired | Vendor | Cost, normal purchase price | Full call number | Barcode | Date last seen | Cost, replacement price | Bill Date | Koha item type | Original Barcode |
|---|---|---|---|---|---|---|---|---|---|---|---|---|---|---|---|
| Withdrawn | Smt. Hiraben Nanavati Institute of Management & Research for Women | Smt. Hiraben Nanavati Institute of Management & Research for Women | 16/12/2000 | Mehta book supplier | 357.00 | 004.65 PET/DAV B02354 | HIMR-BK-2354 | 25/01/2023 | 303.00 | 16/12/2000 | Books | B02354 |